The Five Best Soccer Players by Category - Statistics

General Stats
  • This quiz has been taken 68 times
  • The average score is 14 of 18
Answer Stats
Hint Answer % Correct
3. Cristiano Ronaldo
98%
1. Cristiano Ronaldo
98%
The Five Greatest Players OAT Messi
98%
The Top Five Assissters OAT Messi
98%
The Five Top Goal-scorers OAT Ronaldo
97%
1. Lionel Messi
95%
2. Lionel Messi
95%
1. Lionel Messi
95%
2. Pele
92%
3. Pele
92%
3. Pele
92%
4. Diego Maradona
83%
5. Johan Cruyff
56%
4. Johan Cruyff
56%
5. Ferenc Puskas
40%
2. Ferenc Puskas
40%
5. Thomas Muller
30%
4. Romario
19%
No matching quizzes found
Score Distribution
Percent of People with Each Score
Percentile by Number Answered
Your Score History
You have not taken this quiz